| 000 | 00416nam a2200121Ia 4500 | ||
|---|---|---|---|
| 008 | 220204s9999 xx 000 0 und d | ||
| 082 |
_a338.43.01(548.3) _bMOH |
||
| 100 | _aMOHANKUMAR, S | ||
| 245 | 4 | _aThe Limits to agriculture development under decentralised goverence in a globalised market : A case of Kerala | |
| 260 |
_aInstitute of Developement Studies _bJaipur _c2010 |
||
| 700 | _aVIPINKUMAR, R | ||
| 942 | _cBK | ||
| 999 |
_c44452 _d44452 |
||